| 000 | 00531nam a22001817a 4500 | ||
|---|---|---|---|
| 003 | NUST - PNEC | ||
| 005 | 20170116180752.0 | ||
| 008 | 150311b xxu||||| |||| 00| 0 eng d | ||
| 020 | _a030811642 | ||
| 040 | _cLIBRARY | ||
| 082 | _a958.1 TAN | ||
| 100 |
_91740 _aTanner Stephen |
||
| 245 |
_aAfghanistan : a military history from alexander the great to the fall of the taliban _cStephen Tanner |
||
| 260 |
_aCambridge _bDa Capo Press _cc2002. |
||
| 300 | _a351 p. : | ||
| 650 |
_91739 _aWar _xHistory, General |
||
| 942 |
_2ddc _cBK |
||
| 999 |
_c62578 _d62578 |
||